Statistics for Countries Bordering Russia Quiz

Click here to take the quiz!

General Stats

  • This quiz has been taken 158,298 times
    (144,142 since last reset)
  • The average score is 12 of 14

Answer Stats

Length Country % Correct
3,645 kmChina
98%
3,441 kmMongolia
96%
1,576 kmUkraine
95%
6,846 kmKazakhstan
93%
292 kmLatvia
90%
290 kmEstonia
90%
1,313 kmFinland
89%
959 kmBelarus
88%
227 kmLithuania
87%
723 kmGeorgia
82%
206 kmPoland
80%
18 kmNorth Korea
78%
284 kmAzerbaijan
74%
196 kmNorway
61%

Score Distribution

Percentile by Number Answered

Percent of People with Each Score

Your Score History

You have not taken this quiz since the last reset